000 00774nam a22001817a 4500
003 UA-OsUOA
001 14915
007 ta
008 20031025b un ||||| |||| 00| 0 ukr d
100 _aОстапчук А.
942 _cSA
040 _aUA-OsUOA
_cUA-OsUOA
_dUA-OsUOA
245 _aПро підсумки роботи культурно-дозвіллєвих комплексів і завдання з удосконалення їх діяльності на 2003-2004 рр.: Розпорядження голови [Сарнен.] райдержадмін. № 309 від 22.07.2003 р.
300 _aС.2
955 _a0
773 0 _w0
_tСарненські новини
_dСарни
_d2003
_g№76/ 5 серп./
650 7 _aКраєзнавча робота
_2UDC
999 _c301080
_d301080